Welcome to the Holygrace Academy Library

Please use search bar below to get started

CRISTOPHER COLUMBUS (Record no. 5848)

MARC details
000 -LEADER
fixed length control field 00354nam a22001457a 4500
020 ## - INTERNATIONAL STANDARD BOOK NUMBER
ISBN 978-93-5009-340-5
082 ## - DEWEY DECIMAL CLASSIFICATION NUMBER
Classification number 920
Item number BAI/C
100 ## - MAIN ENTRY--AUTHOR NAME
Personal name BAILEY, GERRY
100 ## - MAIN ENTRY--AUTHOR NAME
Personal name FOSTER, KAREN
245 ## - TITLE STATEMENT
Title CRISTOPHER COLUMBUS
Remainder of title EXPLORER OF THE NEW WORLD
260 ## - PUBLICATION, DISTRIBUTION, ETC. (IMPRINT)
Place of publication GURGAON
Name of publisher HACHETTE INDIA
Year of publication 2012
300 ## - PHYSICAL DESCRIPTION
Number of Pages 36
650 ## - SUBJECT ADDED ENTRY--TOPICAL TERM
Topical Term BIOGRAPHY
Geographic subdivision INDIA
942 ## - ADDED ENTRY ELEMENTS (KOHA)
Koha item type Books
Holdings
Withdrawn status Lost status Collection code Home library Current library Shelving location Date acquired Source of acquisition Full call number Accession Number Koha item type
    Non-fiction Main Library Main Library SHELF 15F -I GET IT,BIOGRAPHY FOR CHILDREN (IMPULSE GREAT PEOPLE 22/04/2015 purchase 920 BAI/C 09257 Books
    Non-fiction Main Library Main Library SHELF 15F -I GET IT,BIOGRAPHY FOR CHILDREN (IMPULSE GREAT PEOPLE 06/05/2015 purchase 920 BAI/C 09356 Books
    Non-fiction Main Library Main Library SHELF 15F -I GET IT,BIOGRAPHY FOR CHILDREN (IMPULSE GREAT PEOPLE 27/04/2015 purchase 920 BAI/C 09292 Books